BUSINESS STATISTICS: A FIRST COURSE (Record no. 10771)

MARC details
000 -LEADER
fixed length control field 00266nam a22001217a 4500
003 - CONTROL NUMBER IDENTIFIER
control field SGT
082 ## - DEWEY DECIMAL CLASSIFICATION NUMBER
Classification number 519.5, LEV
100 ## - MAIN ENTRY--PERSONAL NAME
Personal name LEVINE,DAVID M
245 ## - TITLE STATEMENT
Title BUSINESS STATISTICS: A FIRST COURSE
250 ## - EDITION STATEMENT
Edition statement 5TH
260 ## - PUBLICATION, DISTRIBUTION, ETC. (IMPRINT)
Place of publication, distribution, etc NEW DELHI
Name of publisher, distributor, etc PEARSON
Year of Publication 2011
942 ## - ADDED ENTRY ELEMENTS (KOHA)
Source of classification or shelving scheme Dewey Decimal Classification
Koha item type CDs & DVDs
Holdings
Withdrawn status Lost status Source of classification or shelving scheme Damaged status Not for loan Collection code Home library Current library Shelving location Date acquired Vendor Name Cost, normal purchase price SGTU Bill Number Total Checkouts Full call number Accession No. (Barcode) Date last seen Bill Date Koha item type
    Dewey Decimal Classification     COMMERCE MANAGEMENT SGT Science & Social Sciences Library SGT Science & Social Sciences Library On Display 07/02/2017 IBH 395.00 SGTU 14725   519.5, LEV CMCD23 07/02/2017 11/11/2013 CDs & DVDs
    Dewey Decimal Classification     COMMERCE MANAGEMENT SGT Science & Social Sciences Library SGT Science & Social Sciences Library On Display 07/02/2017 IBH 395.00 SGTU 14725   519.5, LEV CMCD24 07/02/2017 11/11/2013 CDs & DVDs